000
00321nam a2200133Ia 4500
008
191201s2010 xx 000 0 und d
100
_a
GREENLAW, Raymond
245
0
_a
Inline online fundamental of the internet
250
_a
2nd
260
_c
2010
_b
TMH
_a
N. delhi
300
_a
696
650
_a
CSE
942
_2
ddc
_c
BB
_0
4
999
_c
7455
_d
7455